000 00758nam a2200241 a 4500
001 49089
003 BD-RjUL
005 20211209054631.0
008 160817s1937 enkaf b 001 0 eng d
035 _a(BD-RjUL)49208
040 _aBD-RjUL
_beng
_cBD-RjUL
_dBD-RjUL
041 _aeng
082 _223
_a355.009
_bOMH 1937
100 1 0 _aOman, Charles
_d1860-1946.
_9147659
245 1 2 _aA history of the art of war in the sixteenth century /
_cby Charles Oman.
260 _aLondon :
_bMethuen,
_c1937
300 _axv, 784 p. :
_bill. ;
_c23 cm.
500 _aIncludes index.
650 0 _aMilitary art and science
_xHistory
_y16th century.
_9147660
650 0 _aMilitary history, Modern
_y16th century.
_9147661
942 _2ddc
_cBK
999 _c49089
_d49089